Govt. of
Madhya Pradesh

The Garden of Fidelity (Record no. 36471)

MARC details
000 -LEADER
fixed length control field 004140000a22001690004500
003 - CONTROL NUMBER IDENTIFIER
control field MACL
005 - DATE AND TIME OF LATEST TRANSACTION
control field 20160102115035.0
008 - FIXED-LENGTH DATA ELEMENTS--GENERAL INFORMATION
fixed length control field 160102b xxu||||| |||| 00| 0 eng d
040 ## - CATALOGING SOURCE
Original cataloging agency MACL
Transcribing agency MACL
041 ## - LANGUAGE CODE
Language code of text/sound track or separate title English
082 ## - DEWEY DECIMAL CLASSIFICATION NUMBER
Classification number 580
100 ## - MAIN ENTRY--PERSONAL NAME
Personal name Steel, Flora Annie
9 (RLIN) 4975
245 ## - TITLE STATEMENT
Title The Garden of Fidelity
260 ## - PUBLICATION, DISTRIBUTION, ETC. (IMPRINT)
Name of publisher, distributor, etc. Machmillan & co
Date of publication, distribution, etc. 1930
Place of publication, distribution, etc. London
650 ## - SUBJECT ADDED ENTRY--TOPICAL TERM
Topical term or geographic name as entry element Palnts
9 (RLIN) 26820
942 ## - ADDED ENTRY ELEMENTS (KOHA)
Koha item type Books
Call number prefix 580/Ste
Source of classification or shelving scheme

No items available.